Üzleti tervezés – Egy leendő szivarszaküzlet üzleti terve

Bibliographic Details
Main Author: Mészáros László
Other Authors: Gajzágó Dr. Éva Judit
Format: Thesis
Kulcsszavak:elektronikus üzleti terv
üzleti terv
üzleti terv elemzése
üzleti terv értékelésének szempontjai
üzleti terv készítése
Online Access:http://dolgozattar.uni-bge.hu/60322

MARC

LEADER 00000nta a2200000 i 4500
001 dolg60322
005 20260409150315.0
008 260409suuuu hu om 000 hun d
040 |a BGE Dolgozattár Repozitórium  |b hun 
041 |a hu 
100 1 |a Mészáros László 
245 1 0 |a Üzleti tervezés – Egy leendő szivarszaküzlet üzleti terve  |c Mészáros László  |h [elektronikus dokumentum] 
520 3 |a Szakdolgozatom témája tulajdonképpen a jövőbeni vállalkozásom üzleti terve. Avállalkozást régi hobbimra, a szivarozásra fogom alapozni. Sokan nem tuják, de a szivarozás több,mint pusztán egy dohánytermék élvezete. Egyfajta életmódot is jelent, hiszen megvan annak azideje, amikor az ember leül, rászán egy fél órát, és elszív egy szivart. Ezt meg lehet tenni egy jóital mellett, baráti társaságban beszélgetve, vagy csak csendben elmélkedve.Ezen túlmenően a szivarozás mögött komoly tradíciók, szaktudás és termelési tevékenységfolyik. Egy-egy nemesebb szivar nem véletlenül olyan drága, hiszen abban a szivarban generációktudása, precizitása, a hosszú évek során kidolgozott folyamatok sűrűsödnek össze. A szivar nemcigaretta, hogy 5 perc alatt elszívjuk, a szivart élvezni kell, csakúgy, mint a szivarozással együttjáró tevékenységeket. 
695 |a elektronikus üzleti terv 
695 |a üzleti terv 
695 |a üzleti terv elemzése 
695 |a üzleti terv értékelésének szempontjai 
695 |a üzleti terv készítése 
700 1 |a Gajzágó Dr. Éva Judit  |e ths 
856 4 0 |u http://dolgozattar.uni-bge.hu/60322/1/%C3%9Czleti%20tervez%C3%A9s-%20Egy%20leend%C5%91%20szivarszak%C3%BCzlet%20%C3%BCzleti%20terve_.pdf  |z Dokumentum-elérés 
856 4 0 |u http://dolgozattar.uni-bge.hu/60322/2/BA%20KM%20magyar%20b%C3%ADr%C3%A1lati%20lap%20BELS%C5%90%20ML.pdf  |z Dokumentum-elérés 
856 4 0 |u http://dolgozattar.uni-bge.hu/60322/3/M%C3%A9sz%C3%A1ros%20L%C3%A1szl%C3%B3_k.pdf  |z Dokumentum-elérés